000 00652nam a2200205 a 4500
001 73157
003 BD-RjUL
005 20211209082345.0
008 170528s1954 pk l f000 0 eng d
035 _a(BD-RjUL)73375
040 _aVAL
_cVAL
_dDLC
_beng
041 _aeng
082 _223
_a346.54910488
_bPAT 1954
110 1 _aPakistan.
_9216409
245 1 4 _aThe Trade Marks Act, 1940 (V of 1940) :
_b(as modified up to the 11th March,1954) /
_cPakistan.
260 _aKarachi :
_bManager of Publications, Govt. of Pakistan,
_c1954
300 _aiv, 39 p. ;
_c28 cm.
650 0 _aTrademarks
_xLaw and legislation
_zPakistan.
_9216406
942 _2ddc
_cBK
999 _c73157
_d73157